000 00643nam a22001937a 4500
999 _c6939
_d6939
003 OSt
005 20210514155440.0
008 210514b ||||| |||| 00| 0 eng d
020 _a0878915176
040 _cDDC
082 _a621.319 ELE 2004
100 _aStaff of Research and Education Association, M. Fogiel, Director
_914236
245 _aThe Electric circuits problem solver :
_b a complete solution guide to any textbook
260 _aPiscataway:
_bNew J ersey;
_c c2004
300 _axi, 1163 p. :
_b ill. ;
_c26 cm.
504 _aIncludes index.
650 _aElectric circuits -- Problems, exercises, etc
_914237
942 _2ddc
_cBOOK